000 00357nam a2200121Ia 4500
008 180205s9999 xx 000 0 und d
020 _a71255842
100 _aHair, Joseph Jr, F.
245 _aMarketing research :
_bwithin a changing information environment
250 _a3rd ed
260 _aUSA
_bMc Graw Hill publishing
_c2006
300 _aviii, 700 pages
999 _c354853
_d354853